000 00868nam a22002537a 4500
001 94493
003 UA-OsUOA
005 20251222150626.0
007 ta
008 20130212b un ||||| |||| 00| 0 ukr d
040 _aUA-OsUOA
_brus
_cUA-OsUOA
_dUA-OsUOA
041 _arus
080 _a821.161.1
090 _a821.161.1
_bГ71
100 _aГорький М.
_92758
245 _aИзбранные произведения в трех томах
_cМ. Горький
260 _aМ.
_bХудожественная литература
_c1976
300 _a557 с.
505 _gТ. 2
_tМать. Дело Артамоновых
650 7 _a821 Художня література окремими мовами і мовними сім'ями
_2UDC
_917
942 _cBK
_2udc
955 _a3
999 _c380743
_d380743